| 000 | 00403nam a22001457a 4500 | ||
|---|---|---|---|
| 999 |
_c5605 _d5605 |
||
| 008 | 191004b ||||| |||| 00| 0 eng d | ||
| 020 | _a0631179305 | ||
| 082 | _a3000 | ||
| 100 | _aRobertson, Roland. | ||
| 245 | _aMeaning and change/ | ||
| 260 |
_aOxford: _bBasil Blackwell. _c1978. |
||
| 300 |
_a284p.; _bIncludes bibliograhical references and index. _c21cm. |
||
| 650 | _2Sociology | ||
| 942 |
_2ddc _cBOOK |
||